| 000 | 01649nam0a2200361 4500 | ||
|---|---|---|---|
| 001 | RU\NLR\bibl\161321 | ||
| 005 | 20260406114544.0 | ||
| 010 |
_a5-09-008617-6 _920000 |
||
| 035 | _a(NLR Aleph) 000158237 | ||
| 090 |
_a909679 _c909679 |
||
| 100 | _a20010607d1998 |||y0rusy50 ca | ||
| 101 | 0 | _arus | |
| 102 | _aRU | ||
| 105 | _aa ||||||||| | ||
| 200 | 1 |
_aОзнакомление с окружающим миром _eТетр. для учащихся _eУчеб. пособие для 1 кл. четырехлет. нач. шк. _fО. Н. Сороцкая, А. А. Плешаков |
|
| 205 | _a11-е изд. | ||
| 210 |
_aМ. _cПросвещение _d1998 |
||
| 215 |
_a47,[1] с. _cил., цв. ил. _d22 |
||
| 606 | 0 |
_aШкольники _xОзнакомление с окружающей жизнью _91987832 _3RU\NLR\auth\661198110 |
|
| 610 | 0 | _a"Мир вокруг тебя" - самостоятельная работа учащихся | |
| 675 |
_a373.167.1:502.2+502.2(075.2) _v3 _zrus |
||
| 686 |
_a14.25 _2rugasnti |
||
| 686 |
_aя7 _2rubbk |
||
| 686 | _aЧ421.2,01 | ||
| 700 | 1 |
_aСороцкая _gОльга Наумовна _4070 |
|
| 701 | 1 |
_4070 _8rus _7ca _aПлешаков _bА. А. _gАндрей Анатольевич _f1958 - _3RU\NLR\auth\77300 _9110355 |
|
| 801 | 0 |
_aRU _bRKP _c19990528 _gPSBO |
|
| 801 | 1 |
_aRU _bRKP _c19990528 |
|
| 801 | 2 |
_aRU _bNLR _c20040507 _grcr |
|
| 852 |
_aNLR _j2000-6/1474 |
||
| 942 | _cBOOK | ||
| 980 | _aNB | ||